Music Quiz

Random Music or Typing Quiz

Twinkle, Twinkle, Little Star Quiz Stats

 Plays Quiz Updated Dec 17, 2017

Score 0/42 Timer 01:30
10 Plays Today
% Correct
Twin - 
98.2%
kle, 
98.2%
Twin - 
98.2%
kle, 
98.2%
Twin - 
98.2%
kle, 
98.2%
Twin - 
98.2%
kle, 
98.2%
star,
97.4%
star,
97.4%
lit - 
97.3%
tle 
97.3%
lit - 
97.3%
tle 
97.3%
I
97.3%
I
97.3%
a
97.1%
you
96.7%
you
96.7%
how
96.6%
how
96.6%
% Correct
won - 
96.2%
der 
96.2%
won - 
96.2%
der 
96.2%
are!
96.2%
are!
96.2%
what
94.4%
what
94.4%
the
94%
the
94%
Up
92.5%
a - 
91.2%
bove 
91.2%
so
91.2%
sky.
91.1%
like
89.5%
high,
89.2%
in
88.7%
dia - 
87.1%
mond 
87.1%
world
84.2%

You're not logged in!

Compare scores with friends on all Sporcle quizzes.
OR
Log In

You Might Also Like...

Show Comments

Extras

Top Quizzes Today


Score Distribution

Your Account Isn't Verified!

In order to create a playlist on Sporcle, you need to verify the email address you used during registration. Go to your Sporcle Settings to finish the process.

Report this User

Report this user for behavior that violates our Community Guidelines.

Details: